01017nam a2200181Ia 4500001001300000003001000013008004100023040002500064041000700089100002000096245008600116250001100202260003900213300001200252500048600264650006500750700002000815a1653-42316 IT-MiCISF161014s9999||||xx |||||||||||||| ||und|| aIT-MiCISFcIT-MiCISF ait aPicchi Emanuela 0aHai mutato il mio lamento in danzabUna maternità dalla morte alla resurrezione a1a ed. a VeronabEditrice Vita Nuovac2006 app. 126 a / maternità, morte, atteggiamenti-verso-morte, fede, accoglienza-della-vita / Sotto forma di diario, il libro presenta la testimonianza di due genitori che accolgono il figlio affetto da una malattia incurabile, trasformando "l'evento morte" (la morte prematura di un piccolo innocente) in un "evento di vita", vivendo appieno l'esperienza del mistero cristiano che non elimina la tragedia del dolore, ma dà ad esso il senso della croce di Cristo, che porta alla resurrezione. a Genitorialità e problemi educativi / genitorialitàe004 aPicchi Giovanni